000 00257nam a2200109Ia 4500
008 231219s9999 xx 000 0 und d
041 _aeng
100 _aEdwin B.Flippo.
245 _aPersonnel Management.
260 _bMcGrow Hill
650 _aManagement
999 _c974631
_d974631